| 000 | 00359nab a22001097u 4500 | ||
|---|---|---|---|
| 008 | 130520b1984 xxu||||| |||| 00| 0 spa d | ||
| 041 | _aspa | ||
| 100 | 1 |
_aSiegele-Wenschkewitz, L. _967341 |
|
| 245 | 0 | 0 |
_aEl antijudaísmo cristiano, raíz del antisemitismo _cL. Siegele-Wenschkewitz |
| 773 | 0 |
_tConcilium _gV.2,1984,págs.267-273 _x0210-1041 _wRev134 |
|
| 942 | _cAR | ||
| 999 |
_c355128 _d355128 |
||